LIBRARY & INFORMATION CENTRE, KCAET, TAVANUR

ONLINE PUBLIC ACCESS CATALOGUE (OPAC)

Basic Mechanical Engineering (Record no. 14261)

MARC details
000 -LEADER
fixed length control field 00317nam a22001337a 4500
020 ## - INTERNATIONAL STANDARD BOOK NUMBER
ISBN 8187721294
082 ## - DEWEY DECIMAL CLASSIFICATION NUMBER
Classification number 620
Item number VEN/BA
100 ## - MAIN ENTRY--AUTHOR NAME
Personal name Venugopal, K
-- Prabhu Raja, V
245 ## - TITLE STATEMENT
Title Basic Mechanical Engineering
250 ## - EDITION STATEMENT
Edition statement 6
260 ## - PUBLICATION, DISTRIBUTION, ETC. (IMPRINT)
Place of publication Channai
Name of publisher Anuradha Publications
Year of publication 2011
300 ## - PHYSICAL DESCRIPTION
Number of Pages 14.12
942 ## - ADDED ENTRY ELEMENTS (KOHA)
Koha item type Books
Holdings
Withdrawn status Lost status Damaged status Collection code Home library Current library Shelving location Date acquired Source of acquisition Cost, normal purchase price Full call number Accession Number Koha item type
        KAUAET KAUAET General Stacks 09/06/2016 Penta Books, Calicut 220.00 620 VEN/BA 24198 Books
free website counter